| 000 | 00407nam a2200193Ia 4500 | ||
|---|---|---|---|
| 001 | 003604 | ||
| 003 | YMCAF | ||
| 005 | 20230512160226.0 | ||
| 008 | 100717s9999 ||||||||||||||||| ||und|d | ||
| 024 | _a3604 | ||
| 035 | _a3581 | ||
| 040 |
_aYMCAF _beng _cIN-KoLT |
||
| 041 | _aeng | ||
| 082 | _aIND-I23 | ||
| 100 | _aI.S.I. | ||
| 245 | 0 | _aINDIAN ST. METHODS FOR CH.... | |
| 300 | _a200 | ||
| 942 |
_2ddc _cBK |
||
| 999 |
_c2844 _d2844 |
||